000 00622nam a2200265Ia 4500
005 20260306164410.0
008 008 260114s9999 xx 000 0 eng d
020 _a9780226903088
037 _aEBOOK
040 _aCRL
040 _beng
040 _cCRL
041 _2eng
041 _aeng
084 _qCRL
100 _aWise
245 0 _aResearch Findings In The Economics Of Aging
260 _bUniversity of Chicago Press
260 _c2013
650 _aEconomics & Finance
856 _uhttps://academic.oup.com/book/28696
942 _cEBOOK
999 _c1713929
_d1713929